Vietnam's economy in 1999

Bewaard in:
Bibliografische gegevens
Formaat: Boek
Taal:Undetermined
Gepubliceerd in: Hà Nội Thống kê 2000
Tags: Voeg label toe
Geen labels, Wees de eerste die dit record labelt!
Thư viện lưu trữ: Trung tâm Học liệu Trường Đại học Cần Thơ
LEADER 00417nam a2200169Ia 4500
001 CTU_39299
008 210402s9999 xx 000 0 und d
020 |c 26500 
082 |a 330.9597 
082 |b V308 
245 0 |a Vietnam's economy in 1999 
245 0 |c CIEM 
260 |a Hà Nội 
260 |b Thống kê 
260 |c 2000 
904 |i Minh 
980 |a Trung tâm Học liệu Trường Đại học Cần Thơ